150 personnages de Harry Potter - Statistiques

Statistiques générales
  • Ce quiz a été pris 1 314 fois
  • Le résultat moyen est 85 sur 149
Statistiques - réponses
Mentions Personnage % Correct
18 956 Harry Potter
100%
5 486 Hermione Granger
99%
6 464 Ron Weasley
99%
2 421 Albus Dumbledore
97%
920 Fred Weasley
94%
1 956 Severus Rogue
94%
771 Ginny Weasley
93%
770 Minerva McGonagall
93%
780 Arthur Weasley
92%
722 Molly Weasley
92%
2 024 Rubeus Hagrid
92%
1 797 Voldemort
92%
302 Bill Weasley
91%
190 James Potter
91%
127 Lily Potter
91%
810 Neville Londubat
91%
1 471 Sirius Black
91%
356 Luna Lovegood
89%
864 Remus Lupin
89%
110 Charlie Weasley
88%
249 Lucius Malfoy
88%
426 Percy Weasley
88%
258 Fleur Delacour
86%
220 Bellatrix Lestrange
85%
89 Narcissa Malfoy
85%
116 Katie Bell
84%
215 Cho Chang
83%
637 Dolores Ombrage
83%
353 Cedric Diggory
82%
469 Dobby
82%
277 Viktor Krum
82%
486 Peter Pettigrow
81%
79 Abelforth Dumbledore
79%
583 Alastor Maugrey
79%
821 Georges Weasley
79%
314 Petunia Dursley
79%
530 Vernon Dursley
79%
1 198 Draco Malfoy
78%
204 Hedwige
78%
140 Filius Flitwick
76%
63 Godric Gryffondor
74%
90 Pomona Chourave
74%
70 Salazar Serpentard
74%
179 Seamus Finnigan
74%
224 Vincent Crabbe
74%
212 Dean Thomas
73%
262 Gilderoy Lockhart
73%
228 Gregory Goyle
72%
122 Quirinus Quirell
72%
28 Rowena Serdaigle
72%
39 Ted Tonks
72%
124 Xenophilius Lovegood
72%
50 Ariana Dumbledore
71%
136 Buck
70%
165 Igor Karkaroff
70%
493 Cornelius Fudge
69%
133 Parvati Patil
69%
295 Barty Croupton
68%
36 Barty Croupton Jr.
68%
432 Horace Slughorn
67%
162 Pattenrond
67%
312 Kreattur
66%
112 Olympe Maxime
66%
76 Amos Diggory
65%
135 Angelina Johnson
65%
288 Argus Rusard
65%
141 Lavande Brown
65%
208 Olivier Dubois
63%
68 Pansy Parkinson
63%
156 Poppy Pomfresh
62%
467 Duddley Dursley
61%
72 La Grosse Dame
61%
73 Marge Dursley
61%
262 Sybille Trelawney
61%
53 Renée Bibine
60%
30 Nagini
59%
54 Regulus Arcturus Black
59%
109 Lee Jordan
58%
117 Garrick Ollivander
57%
106 Kingsley Shacklebolt
56%
24 Le Baron Sanglant
56%
77 Colin Crivey
55%
123 Nick Quasi Sans Tête
55%
164 Peeves
54%
89 Phineas Nigellus Black
54%
24 Tom
53%
75 Firenze
52%
77 Bathilda Tourdesac
50%
188 Rita Skeeter
50%
162 Winky
48%
73 Gellert Grindelwald
47%
75 Graup
47%
56 Muriel Weasley
47%
73 Cormac McLaggen
46%
105 Crockdur
46%
68 Elvis Marvolo Gaunt
46%
119 Mimi Geignarde
46%
147 Mondingus Fletcher
46%
153 Rufus Scimgeour
46%
49 Aragog
44%
34 Antonin Dolohov
43%
92 Ernie Macmillan
43%
32 Merope Gaunt
43%
47 Blaise Zabini
42%
48 Cuthbert Binns
42%
63 Morfin Gaunt
42%
34 Ernie Danlmur
41%
59 Miss Teigne
41%
85 Stan Rocade
41%
102 Fenrir Greyback
40%
64 Fumseck
39%
27 Touffu
39%
58 Alicia Spinnet
38%
62 Elphias Doge
38%
26 Hannah Abbott
38%
55 Arabella Figg
37%
27 Albus Severus Potter
36%
140 Gripsec
36%
36 Norbert
36%
60 Coquecigrue
35%
26 Errol
34%
50 Justin Finch-Fletchley
33%
246 Ludo Verpey
32%
40 Marcus Flint
30%
242 Nymphadora Thonks
30%
30 Bane
28%
57 Wilhelmina Gobe-Planche
26%
35 Amelia Bones
24%
31 Nicolas Flamel
24%
49 Madame Rosmerta
23%
56 Yaxley
23%
48 Zacharias Smith
23%
63 Franck Bryce
20%
27 Dedalus Diggle
18%
27 Hepzibah Smith
18%
26 Michael Corner
18%
48 Marietta Edgecombe
16%
51 M. Barjow
16%
25 Augustus Rookwood
15%
27 Walden Macnair
15%
42 Bertha Jorkins
14%
49 Gregorovitch
14%
31 Mary Cattermole
14%
30 Roger Davies
13%
68 Bob Ogden
11%
25 Madame Guipure
9%
41 Travers
6%
33 Montague
5%
26 Broderick Moroz
2%
Aucun quiz correspondant
Distribution des résultats
% des personnes avec chaque résultat
Percentile par nombre de réponses
Votre historique - résultats
Vous n’avez pas pris ce quiz